000 00334nam a2200133Ia 4500
008 240624s9999 xx 000 0 und d
041 _aeng
082 _a658.827 CHO
100 _aCHOI TSAN MING
245 _aFASHION BRANDING AND CONSUMER BEHAVIORS
260 _c2014
_aNew Delhi
_bSpringer
300 _a151 : p.
365 _cERU
_b28
999 _c23971
_d23971